Recepción y atención al cliente (Registro nro. 6468)
[ vista simple ]
| 000 -CABECERA | |
|---|---|
| campo de control de longitud fija | 00861atm a2200301 4500 |
| 005 - FECHA Y HORA DE ACTUALIZACIÓN | |
| campo de control | 20170207145343.0 |
| 008 - LONGITUD FIJA | |
| campo de control de longitud fija | 150723b xxu||||| |||| 00| 0 spa d |
| 041 ## - IDIOMA | |
| Código de idioma del texto/pista de sonido o título separado | |
| 082 ## - CLASIFICACIÓN DECIMAL DEWEY | |
| Número de clasificación | 1.2.53 L864r |
| 100 ## - AUTOR PERSONAL | |
| Nombre de persona | López García, Socorro |
| 245 ## - TÍTULO PROPIAMENTE DICHO | |
| Título | Recepción y atención al cliente |
| 260 ## - PIE DE IMPRENTA | |
| Lugar de publicación, distribución, etc. | España |
| Nombre del editor, distribuidor, etc. | Thomson Paraninfo |
| Fecha de publicación, distribución, etc. | 2000 |
| 300 ## - DESCRIPCIÓN FÍSICA | |
| Extensión | 183 páginas |
| 650 ## - Materia General | |
| Materia general | RECEPCIÓN HOTELERA |
| 650 ## - Materia General | |
| Materia general | ALOJAMIENTO |
| 650 ## - Materia General | |
| Materia general | ORGANIZACIÓN DE LA RECEPCIÓN |
| 650 ## - Materia General | |
| Materia general | RECEPCIONISTA |
| 650 ## - Materia General | |
| Materia general | RESERVACIÓN |
| 650 ## - Materia General | |
| Materia general | FACTURACIÓN |
| 650 ## - Materia General | |
| Materia general | CAJA |
| 650 ## - Materia General | |
| Materia general | CREDITO |
| 650 ## - Materia General | |
| Materia general | COBROS |
| 650 ## - Materia General | |
| Materia general | GESTIÓN DE QUEJAS |
| 650 ## - Materia General | |
| Materia general | SEGURIDAD |
| 650 ## - Materia General | |
| Materia general | HIGIENE PERSONAL |
| 650 ## - Materia General | |
| Materia general | SISTEMAS DE INFORMACIÓN |
| 942 ## - Punto de Acceso Adicional Koha | |
| Tipo de ítem Koha | Libro |
| Estado perdido | Estado dañado | No para préstamo | Biblioteca permanente | Biblioteca actual | Signatura completa | Código de barras | Precio efectivo a partir del | Tipo de ítem |
|---|---|---|---|---|---|---|---|---|
| Departamento de Biblioteca y Documentación Alfonso Chase Brenes | Departamento de Biblioteca y Documentación Alfonso Chase Brenes | 1.2.53 L864r | 11707 | 07/02/2017 | Libro |